Memorias de un recluta de 1808 : (Record no. 179577)

MARC details
000 -LEADER
campo de control de longitud fija 01285nam a2200301 4500
001 - NÚMERO DE CONTROL
campo de control 179577
003 - IDENTIFICADOR DE NÚMERO DE CONTROL
campo de control ES-MaACL
005 - FECHA Y HORA DE LA ÚLTIMA TRANSACCIÓN
campo de control 20250929063256.0
008 - DATOS DE LONGITUD FIJA--INFORMACIÓN GENERAL
campo de control de longitud fija 111223s2010 sp a | |||||||| | spa d
020 ## - NÚMERO INTERNACIONAL ESTÁNDAR DEL LIBRO
Número Internacional Estándar del Libro 978-84-8472-596-1
080 ## - NÚMERO DE LA CLASIFICACIÓN DECIMAL UNIVERSAL
Número de la Clasificación Decimal Universal 929 Gille, Louis-François
080 ## - NÚMERO DE LA CLASIFICACIÓN DECIMAL UNIVERSAL
Número de la Clasificación Decimal Universal 94(460)"1808/14"(093.3)
100 1# - ENTRADA PRINCIPAL--NOMBRE DE PERSONA
Nombre de persona Guille, Louis-François,
Fechas asociadas al nombre 1788-1863
9 (RLIN) 148808
245 10 - MENCIÓN DEL TÍTULO
Título Memorias de un recluta de 1808 :
Resto del título reunidas y publicadas por Philippe Gille /
Mención de responsabilidad, etc. Louis François Gille ; traducción de Christina Linares del Castillo-Valero ; introducción de Manuel Moreno Alonso.
260 ## - PUBLICACIÓN, DISTRIBUCIÓN, ETC.
Lugar de publicación, distribución, etc. Sevilla :
Nombre del editor, distribuidor, etc. Centro de Estudios Andaluces :
-- Renacimiento,
Fecha de publicación, distribución, etc. 2010.
300 ## - DESCRIPCIÓN FÍSICA
Extensión 249 p. :
Otras características físicas il. ;
Dimensiones 21 cm.
490 1# - MENCIÓN DE SERIE
Mención de serie Biblioteca histórica ;
Designación de volumen o secuencia 19
651 #4 - PUNTO DE ACCESO ADICIONAL DE MATERIA--NOMBRE GEOGRÁFICO
Nombre geográfico España-
Subdivisión general Historia-
Subdivisión cronológica 1808-1814, Guerra de la Independencia-
Subdivisión de forma Relatos personales.
9 (RLIN) 138809
700 1# - ENTRADA AGREGADA--NOMBRE PERSONAL
Nombre de persona Guille, Philippe.
9 (RLIN) 148809
700 1# - ENTRADA AGREGADA--NOMBRE PERSONAL
Nombre de persona Linares del Castillo-Valero, Christina.
9 (RLIN) 148810
700 0# - ENTRADA AGREGADA--NOMBRE PERSONAL
Nombre de persona Moreno Alonso, Manuel.
9 (RLIN) 83321
830 0# - PUNTO DE ACCESO ADICIONAL DE SERIE-TÍTULO UNIFORME
Título uniforme Biblioteca histórica (Editorial Renacimiento) ;
Designación de volumen o secuencia 19
9 (RLIN) 235904
852 ## - LOCALIZACIÓN
Ubicación ES-MaACL
itemnumber 186474
Sublocalización o colección R.146785
Número de control de estantería A-11811
Signatura antigua Olim: N-4816
Ubicación en estantería Depósito 1
942 ## - ELEMENTOS DE ENTRADA SECUNDARIOS (KOHA)
Fuente del sistema de clasificación o colocación Clasificación decimal universal
Tipo de ítem Koha Libro impreso
Holdings
Estatus retirado Estado de pérdida Fuente del sistema de clasificación o colocación Estado de daño No para préstamo Biblioteca de origen Biblioteca actual Ubicación en estantería Fecha de adquisición Fuente de adquisición Total de préstamos Signatura topográfica completa Código de barras Visto por última vez Precio de reemplazo Tipo de ítem Koha
    Clasificación decimal universal     Biblioteca del Ateneo de Madrid Biblioteca del Ateneo de Madrid Depósito 1 23/12/2011 Compra   A-11811 1188651 23/02/2023 23/02/2023 Libro impreso